MARC details
| 000 -CABECERA |
| campo de control de longitud fija |
00962cam a22002894a 4500 |
| 003 - IDENTIFICADOR DEL NÚMERO DE CONTROL |
| campo de control |
UPN |
| 005 - FECHA Y HORA DE LA ÚLTIMA TRANSACCIÓN |
| campo de control |
20240803063825.0 |
| 008 - ELEMENTOS DE LONGITUD FIJA--INFORMACIÓN GENERAL |
| campo de control de longitud fija |
090219s2006 es r 000 f spa d |
| 020 ## - NÚMERO INTERNACIONAL NORMALIZADO PARA LIBROS |
| Número Internacional Estándar del Libro |
8496231836 |
| 035 ## - NÚMERO DE CONTROL DEL SISTEMA |
| Número de control de sistema |
UPN01000169604 |
| 040 ## - FUENTE DE LA CATALOGACIÓN |
| Centro catalogador/agencia de origen |
UPN |
| Lengua de catalogación |
spa |
| Centro/agencia transcriptor |
UPN |
| 049 ## - COLECCIÓN |
| Colección |
CG |
| 050 #4 - SIGNATURA TOPOGRÁFICA DE LA BIBLIOTECA DEL CONGRESO |
| Número de clasificación |
PT2671 A77 |
| Número de documento/Ítem |
D44 |
| 100 1# - ASIENTO PRINCIPAL--NOMBRE PERSONAL |
| Nombre de persona |
Kastner, Jörg, |
| Fechas asociadas al nombre |
1962- |
| 9 (RLIN) |
46783 |
| 245 13 - MENCIÓN DE TÍTULO |
| Título |
El delirio de Rembrandt : |
| Resto del título |
la misteriosa historia de un cuadro azul / |
| Mención de responsabilidad, etc. |
Jörg Kastner ; traducción María José Díez Pérez, Diego Friera Acebal. |
| 260 ## - PUBLICACIÓN, DISTRIBUCIÓN, ETC. |
| Lugar de publicación, distribución, etc. |
Madrid : |
| Nombre del editor, distribuidor, etc. |
Maeva, |
| Fecha de publicación, distribución, etc. |
2006. |
| 300 ## - DESCRIPCIÓN FÍSICA |
| Extensión |
343 páginas |
| 534 ## - NOTA SOBRE LA VERSIÓN ORIGINAL |
| Frase introductoria |
Traducción de: |
| Mención de título del original |
Die farbe blau |
| 600 04 - ASIENTO SECUNDARIO DE MATERIA - NOMBRE PERSONAL |
| Nombre de persona |
Rembrandt, |
| Fechas asociadas al nombre |
1606-1669 |
| Subdivisión de forma |
Novela |
| 9 (RLIN) |
46827 |
| 650 #4 - ASIENTO SECUNDARIO DE MATERIA - TERMINO TEMATICO |
| Término de materia o nombre geográfico como elemento de entrada |
Novela alemana |
| 9 (RLIN) |
11856 |
| 651 #4 - ASIENTO SECUNDARIO DE MATERIA - NOMBRE GEOGRAFICO |
| Nombre geográfico |
Ámsterdam |
| Subdivisión de forma |
Novela |
| 9 (RLIN) |
46828 |
| 700 1# - ASIENTO SECUNDARIO--NOMBRE DE PERSONAL |
| Nombre de persona |
Díez Pérez, María José |
| Término indicativo de función/relación |
traductora |
| 9 (RLIN) |
46781 |
| 700 1# - ASIENTO SECUNDARIO--NOMBRE DE PERSONAL |
| Nombre de persona |
Friera Acebal, Diego |
| Término indicativo de función/relación |
traductor |
| 9 (RLIN) |
46782 |
| 902 ## - ELEMENTOS DE DATOS B LOCAL, LDB (RLIN) |
| Modificó |
Carolina Alvarado/270922/M |
| 905 ## - TIPO DE MATERIAL |
| Tipo de material |
Libro |
| 942 ## - ELEMENTOS DE PUNTO DE ACCESO ADICIONAL (KOHA) |
| Fuente del sistema de clasificación o colocación |
Library of Congress Classification |
| Tipo de ítem Koha |
Libro |